000
00290nam a22001217a 4500
020
_a
9789381450864
082
_a
637.14
_b
PUR/DA
100
_a
Puranik D.B.
_9
1184
245
_a
Dairy Plant Management
260
_a
New Delhi
_b
New India Publishing Agency
_c
2014
300
_a
261
942
_c
BK
999
_c
14676
_d
14676